| 000 | 01449cad a22002295a 4500 | ||
|---|---|---|---|
| 001 | L153620 | ||
| 008 | 110810s2011 xxk 000 0 eng d | ||
| 035 | _a(Sirsi) u153620 | ||
| 041 | 0 | _aeng | |
| 050 | 0 | 4 | _a333.33 $2 18 |
| 110 | 2 |
_aRoyal Institution of Chartered Surveyors _bEconomics _95033 |
|
| 245 | 0 | 0 |
_aRICS global distressed property monitor _bQ1 2011 _h[electronic resource] |
| 260 |
_aLondon _bRICS _c2011 |
||
| 490 | 0 |
_aRICS Global Distressed Property Monitor _vQ1 2011 |
|
| 520 | _aGlobal economic recovery poses new risks. Distressed property continues to rise globally but the pace has tempered. Global recession risks have been replaced by global interest rate risks. Expectations for distressed property listings in Q2 2011 rise at a faster pace in Ireland, Spain and Hungary. The Q1 2011 monitor shows that although the level of distressed property coming to market is continuing to increase, the pace at which it is doing so is tempering. Countries where distressed property coming to market fell at the fastest pace were Poland, Russia, Canada and Brazil. | ||
| 590 | _aKA | ||
| 651 | 4 | _aInternational | |
| 690 | _aPROPERTY-COMMERCIAL PROPERTY-COMMERCIAL PROPERTY FINANCE AND INVESTMENT | ||
| 690 | _aPROPERTY-COMMERCIAL PROPERTY-COMMERCIAL PROPERTY MARKET | ||
| 856 | 4 | 0 |
_uhttps://www.rics.org/site/download_feed.aspx?fileID=9734&fileExtension=PDF _zView the document free of charge (pdf file) at www.rics.org |
| 942 | _n0 | ||
| 999 |
_c112617 _d112617 |
||